IOT(Internet of Things) (Record no. 12454)
[ view plain ]
| 000 -LEADER | |
|---|---|
| fixed length control field | 00464nam a22001937a 4500 |
| 003 - CONTROL NUMBER IDENTIFIER | |
| control field | OSt |
| 008 - FIXED-LENGTH DATA ELEMENTS--GENERAL INFORMATION | |
| fixed length control field | 240411b |||||||| |||| 00| 0 eng d |
| 020 ## - INTERNATIONAL STANDARD BOOK NUMBER | |
| International Standard Book Number | 9789389423365 |
| 082 ## - DEWEY DECIMAL CLASSIFICATION NUMBER | |
| Classification number | 004.678 LAI |
| 100 ## - MAIN ENTRY--PERSONAL NAME | |
| Personal name | LAKHWANI,Kamlesh. |
| 245 ## - TITLE STATEMENT | |
| Title | IOT(Internet of Things) |
| 250 ## - EDITION STATEMENT | |
| Edition statement | 1st Ed |
| 260 ## - PUBLICATION, DISTRIBUTION, ETC. (IMPRINT) | |
| Place of publication, distribution, etc | New Delhi |
| Name of publisher, distributor, etc | BPB |
| Date of publication, distribution, etc | 2020 |
| 300 ## - PHYSICAL DESCRIPTION | |
| Extent | 245 |
| 700 ## - ADDED ENTRY--PERSONAL NAME | |
| Personal name | HIRAN,Kamal Kant |
| 700 ## - ADDED ENTRY--PERSONAL NAME | |
| Personal name | GIANEY,Hemant Kumar |
| 700 ## - ADDED ENTRY--PERSONAL NAME | |
| Personal name | WUREKO,Joseph Kofi |
| 942 ## - ADDED ENTRY ELEMENTS (KOHA) | |
| Source of classification or shelving scheme | Dewey Decimal Classification |
| Koha item type | Text Books |
| Withdrawn status | Lost status | Source of classification or shelving scheme | Damaged status | Not for loan | Collection code | Home library | Current library | Date acquired | Source of acquisition | Currency | Cost, normal purchase price | Bill Number | Total Checkouts | Full call number | Acc. no. / Barcode | Date last seen | Actual Cost, discounted price | Bill Date | Koha item type |
|---|---|---|---|---|---|---|---|---|---|---|---|---|---|---|---|---|---|---|---|
| Dewey Decimal Classification | MCA | PIET C-LIBRARY | PIET C-LIBRARY | 23/03/2024 | Zafaa Books and Distributors | In rupees | 699.00 | ZBD0443 | 004.678 LAI | 35775 | 11/04/2024 | 510.27 | 23/03/2024 | Reference Books | |||||
| Dewey Decimal Classification | MCA | PIET C-LIBRARY | PIET C-LIBRARY | 23/03/2024 | Zafaa Books and Distributors | In rupees | 699.00 | ZBD0443 | 004.678 LAI | 35776 | 11/04/2024 | 510.27 | 23/03/2024 | Text Books | |||||
| Dewey Decimal Classification | MCA | PIET C-LIBRARY | PIET C-LIBRARY | 23/03/2024 | Zafaa Books and Distributors | In rupees | 699.00 | ZBD0443 | 004.678 LAI | 35777 | 11/04/2024 | 510.27 | 23/03/2024 | Text Books | |||||
| Dewey Decimal Classification | MCA | PIET C-LIBRARY | PIET C-LIBRARY | 23/03/2024 | Zafaa Books and Distributors | In rupees | 699.00 | ZBD0443 | 004.678 LAI | 35778 | 11/04/2024 | 510.27 | 23/03/2024 | Text Books | |||||
| Dewey Decimal Classification | MCA | PIET C-LIBRARY | PIET C-LIBRARY | 23/03/2024 | Zafaa Books and Distributors | In rupees | 699.00 | ZBD0443 | 004.678 LAI | 35779 | 11/04/2024 | 510.27 | 23/03/2024 | Text Books | |||||
| Dewey Decimal Classification | MCA | PIET C-LIBRARY | PIET C-LIBRARY | 23/03/2024 | Zafaa Books and Distributors | In rupees | 699.00 | ZBD0443 | 004.678 LAI | 35780 | 11/04/2024 | 510.27 | 23/03/2024 | Text Books | |||||
| Dewey Decimal Classification | MCA | PIET C-LIBRARY | PIET C-LIBRARY | 23/03/2024 | Zafaa Books and Distributors | In rupees | 699.00 | ZBD0443 | 004.678 LAI | 35781 | 11/04/2024 | 510.27 | 23/03/2024 | Text Books | |||||
| Dewey Decimal Classification | MCA | PIET C-LIBRARY | PIET C-LIBRARY | 23/03/2024 | Zafaa Books and Distributors | In rupees | 699.00 | ZBD0443 | 004.678 LAI | 35782 | 11/04/2024 | 510.27 | 23/03/2024 | Text Books | |||||
| Dewey Decimal Classification | MCA | PIET C-LIBRARY | PIET C-LIBRARY | 23/03/2024 | Zafaa Books and Distributors | In rupees | 699.00 | ZBD0443 | 004.678 LAI | 35783 | 11/04/2024 | 510.27 | 23/03/2024 | Text Books | |||||
| Dewey Decimal Classification | MCA | PIET C-LIBRARY | PIET C-LIBRARY | 23/03/2024 | Zafaa Books and Distributors | In rupees | 699.00 | ZBD0443 | 004.678 LAI | 35784 | 11/04/2024 | 510.27 | 23/03/2024 | Text Books |